01574 2200361 4500001002100000005001500021035002000036007000300056040001700059100003200076245026600108250001000374300003800384504002500422020002200447041000800469082001100477084001700488090002100505264003700526336002100563337003000584338002300614500004200637650001400679850001000693008004100703700023600744700011500980700007101095990002301166990002301189INLIS00000000000627420260418115609 a0010-0322000518ta aSBPUPADbind0 aMudrajad KuncoroePengarang1 aTranformasi Pertamina /cMudrajad Kuncoro;Pengarang ke-2,Eduardus Tandelilin,Pengarang ke-3,Djamludin Ancok,Pengarang ke-4,Hardo Basuki,Pengarang ke-5,Denni p .Purbasari,Pengarang Ke-6,arti Ardji ,Pengarang Ke-7,Diah Retno Wulandaru,Pengarang Ke-8,edy Junarsin aCet 1 axxxiv,330 hal. :bIllus. ;c23 cm abibliografi, hlm 292 a978-602-8174-22-00 aind a353.96 a353.96 MUD t a353.9 JOS p 13-3 aYogyakarta :bGalang Pres,c2009 2rdacontentaTeks 2rdamediaaTanpa Perantara 2rdacarrieravolume aIndeks,hlm 315,Profil Penulis,hlm 306 4aPertamina aPUPAD260418 0 0 aMPengarang ke-2,Eduardus Tandelilin,Pengarang ke-3,Djamludin Ancok,Pengarang ke-4,Hardo Basuki,Pengarang ke-5,Denni p .Purbasari,Pengarang Ke-6,arti Ardji ,Pengarang Ke-7,Diah Retno Wulandaru,Pengarang Ke-8,edy JunarsinePengarang0 aPengarang ke-9, Hengki Purwoto,Pengarang Ke-10 Eny Sulistyaningrum,Pengarang Ke-11,ardyanto FitradiePengarang0 aEditor ke-1,tony Prasentiantono,Editor ke-2 ,AA kunto AePengarang a10761/BR/KAPD/2009 a10763/BR/KAPD/2009